Word Ladder: Four Seasons Quiz Stats

 Plays Quiz Updated Oct 4, 2012

Support Sporcle.
Go Orange.
Score 0/40 Timer 06:00
0 Plays Today
Clue Word % Correct
⚘ Season of flowers in bloom ⚘SPRING
98%
☼ Season of swimming and sunbathing ☼SUMMER
89.9%
An outdoor activity that involves backpacksHIKING
88.1%
An indoor activity that requires an ovenBAKING
87.8%
❄ Season of sleigh rides and skiing ❄WINTER
86.3%
An outdoor activity that involves helmetsBIKING
86%
Nail-pounding toolHAMMER
85.2%
A large model of SUV, or a closed-mouth singerHUMMER
83.7%
❧ In fall they fall ❧LEAVES
83.2%
Person whom others followLEADER
80.4%
One who departsLEAVER
79.3%
Practitioner of agricultureFARMER
79.2%
Cook just under a boilSIMMER
79.1%
Generic title for a manMISTER
78.6%
Type of key, plan, or bedroomMASTER
76.5%
Someone you can borrow fromLENDER
76.5%
One who does damageHARMER
76.4%
One of Santa's reindeerDASHER
75.9%
Utensil used with potatoesMASHER
75.3%
What an unemployed person hopes you're doingHIRING
72.7%
Clue Word % Correct
Of greater durationLONGER
72.3%
ExFORMER
72.1%
Wide midfielder, or actress DebraWINGER
71%
Don't leave quite yetLINGER
69.6%
Begetting progenySIRING
68.9%
Punctuation marks that can act like parenthesesDASHES
68.1%
Thomeone who can't thay the eth thoundLISPER
68%
Fragile, sensitiveTENDER
66.6%
One who adds colorTINTER
65.9%
CounterfeiterFORGER
65.4%
Quick-burning material, used to start a fireTINDER
65.4%
Antiseptic pioneer, or Red Dwarf crewmanLISTER
64.9%
LumberjackLOGGER
63.6%
Broad wide bowls used for washingBASINS
60.1%
Clouts, wallops, clobbersBASHES
59.7%
Device for spraying liquid as a mistFOGGER
59.3%
Predicating, or an 'Old' village in HampshireBASING
56.5%
More droopyLIMPER
55.9%
Smile ingratiatinglySIMPER
55.6%
Namesakes of jazz bandleader 'Count'BASIES
54.9%

Today's Daily Dose

From the Vault

North American Sports Leagues: Oldest to Newest

by senordingdong

Sports 4m
Didn't Vince McMahon found the XFL back in the 1860s?
Remove Ads.
Support Sporcle.
Get the best of Sporcle when you Go Orange. This ad-free experience offers more features, more stats, and more fun while also helping to support Sporcle. Thank you for becoming a member.

Show Comments

Extras

Top Quizzes Today


Score Distribution

Your Account Isn't Verified!

In order to create a playlist on Sporcle, you need to verify the email address you used during registration. Go to your Sporcle Settings to finish the process.

Report this User

Report this user for behavior that violates our Community Guidelines.

Details: